00226 a2200097 4500001000700000040003500007100001600042240003300058245002800091362000900119150903 cEscola São Tomás de Aquino aRITER, Caio10aA audição do leãolpor10aA audição do leão0 a2011